Los increíbles higuerones = Incredible fig trees (Registro nro. 6719)
[ vista simple ]
| 000 -Cabecera | |
|---|---|
| Campo de control de longitud fija | 00660atm a2200277 4500 |
| 005 - Fecha y hora de la última transacción | |
| Campo de control | 20240716100313.0 |
| 008 - Elementos de longitud fija--Información general | |
| Campo de control de longitud fija | 150728b2004 CR ||||| |||| 00| 0 spa d |
| 020 ## - International Standard Book Number | |
| Número Internacional Estándar del Libro (ISBN) | 9968702951 |
| 041 ## - Idioma | |
| Código de idioma | Español |
| 041 ## - Idioma | |
| Código de idioma | Inglés |
| 082 ## - Clasificación Decimal Dewey | |
| Número de clasificación | 582.16 V164i |
| 100 ## - Entrada principal--Autor personal | |
| Nombre personal | Valerio Gutiérrez, Carlos Enrique |
| 245 ## - Título propiamente dicho | |
| Título | Los increíbles higuerones = Incredible fig trees |
| 260 ## - Pie de imprenta | |
| Lugar de publicación, distribución, etc. | Costa Rica |
| 260 ## - Pie de imprenta | |
| Nombre del editor, distribuidor, etc. | INBIO |
| 260 ## - Pie de imprenta | |
| Fecha de publicación, distribución, etc. | 2004 |
| 300 ## - Descripción física | |
| Extensión | 123 páginas |
| 505 ## - Nota de contenido | |
| Nota de contenido | Incluye fotografías a color |
| 650 ## - Materia general | |
| Temática (materia general) | ÁRBOLES |
| 650 ## - Materia general | |
| Temática (materia general) | HIGUERONES |
| 650 ## - Materia general | |
| Temática (materia general) | CHILAMATES |
| 650 ## - Materia general | |
| Temática (materia general) | BONSAI |
| 650 ## - Materia general | |
| Temática (materia general) | HIGOS |
| 942 ## - Punto de acceso adicional KOHA | |
| Tipo de ítem KOHA | Libro |
| Fuente del sistema de clasificación o colocación | Dewey Decimal Classification |
| Signatura completa | Código de barras | Tipo de ítem |
|---|---|---|
| 582.16 V164i | 12000 | Libro |
| 582.16 V164i | 12001 | Libro |